000 00695nam a2200169 a 4500
008 111110s2008 ||||||||||||||||| || u
050 _aAU(02)2008/1
100 _aKhellaf, Braham
245 1 0 _aPerformance indicators for the second decade of education for Africa
_cConsultancy work done by Olusanya E. Olubusoye and Braham Khellaf
260 _aAddis Ababa
_bAfrican Union (AU)
_c2008
300 _av, 65p.
350 _a0.00
650 _aEDUCATION--AFRICA
700 _aOlubusoye, Olusanya E
710 _aAfrican Union (AU)
995 _D0.00
_FCBU-MAIN LIBRARY (Kitwe)
_H1
_I0.00
_M1
_UAVAILABLE
_WNov 22, 2011
_ZAnnex Low-Usage Collection
999 _c53349
_d53349